|
|
|
|
| LEADER |
01590nam a2200373 a 4500 |
| 001 |
28836 |
| 003 |
BD-DhAAL |
| 005 |
20150211164422.0 |
| 008 |
150127s2008 ilu b 001 0 eng |
| 010 |
|
|
|a 2007041822
|
| 020 |
|
|
|a 9780226734934 (hbk. : alk. paper)
|
| 020 |
|
|
|a 9780226734941 (pbk. : alk. paper)
|
| 020 |
|
|
|a 0226734935 (hbk. : alk. paper)
|
| 020 |
|
|
|a 0226734943 (pbk. : alk. paper)
|
| 035 |
|
|
|a (OCoLC)ocn174040304
|
| 035 |
|
|
|a (OCoLC)174040304
|
| 040 |
|
|
|a DLC
|c DLC
|d DLC
|d BD-DhAAL
|
| 043 |
|
|
|a a-ii---
|
| 050 |
0 |
0 |
|a DS485.B44
|b S345 2008
|
| 082 |
0 |
0 |
|a 954/.14
|2 22
|
| 100 |
1 |
|
|a Sartori, Andrew,
|d 1969-
|9 7473
|
| 245 |
1 |
0 |
|a Bengal in global concept history :
|b culturalism in the age of capital /
|c Andrew Sartori.
|
| 260 |
|
|
|a Chicago :
|b University of Chicago Press,
|c 2008.
|
| 300 |
|
|
|a ix, 284 p. ;
|c 23 cm.
|
| 490 |
|
0 |
|a Chicago studies in practices of meaning
|
| 504 |
|
|
|a Includes bibliographical references (p. 235-268) and index.
|
| 541 |
|
|
|d 28836
|
| 650 |
|
0 |
|a Culture
|x Economic aspects
|z India
|z Bengal.
|9 7474
|
| 651 |
|
0 |
|a Bengal (India)
|x Civilization.
|9 7475
|
| 651 |
|
0 |
|a Bengal (India)
|x Historiography.
|9 7476
|
| 942 |
|
|
|2 ddc
|c BK
|
| 999 |
|
|
|c 33508
|d 33508
|
| 952 |
|
|
|0 0
|1 0
|2 ddc
|4 0
|6 954_140000000000000_SAR
|7 0
|9 50337
|a BRACUL
|b BRACUL
|c GEN
|d 2015-01-27
|e Riza Enterprise
|g 2650.00
|l 5
|m 27
|o 954.14 SAR
|p 3010028836
|r 2022-05-18
|s 2019-12-09
|t 1
|w 2015-01-27
|y BK
|
| 952 |
|
|
|0 0
|1 0
|2 ddc
|4 0
|6 954_140000000000000_SAR
|7 0
|9 53122
|a BRACUL
|b BRACUL
|c GEN
|d 2015-03-15
|e Riza Enterprises
|g 2650.00
|l 1
|m 2
|o 954.14 SAR
|p 3010029062
|r 2017-04-23
|s 2016-09-22
|t 2
|w 2015-03-15
|y BK
|